- A logika kérdései. Leningrádi Egyetem kiadója, 1957.

Elmentve itt :
Bibliográfiai részletek
Szerző: Havas Katalin, G.
Adatforrás:Philobibl
Forrásdokumentuma:Magyar Filozófiai Szemle 3
1959/1-2., 205-208. p.
Dokumentumtípus: Cikk
Nyelv:magyar
LEADER 00331nab a2200097 c 4500
001 bibDOK00007034
005 20200924120301.5
008 060518s1959 hu hun
100 1 |a Havas Katalin, G. 
245 1 0 |a - A logika kérdései. Leningrádi Egyetem kiadója, 1957.  |c Havas Katalin, G. 
773 0 |t Magyar Filozófiai Szemle 3  |g 1959/1-2., 205-208. p.